Statistics for Čeští, českoslovenští a slovenští prezidenti (Czech, Slovak and Czechoslovak Presidents)

Click here to take the quiz!

General Stats

  • This quiz has been taken 1 731 times
    (96 since last reset)
  • The average score is 14 of 19

Answer Stats

Prezident% Correct
1918-1935Tomáš Garrigue MasarykČSR (1. republika)
100%
2013-2023Miloš ZemanČeská republika
99%
2023-(2028)Petr PavelČeská republika
99%
1989-1992; 1993-2003Václav HavelČSFR, později Česká republika
99%
1935-1938; 1940-1948Edvard BenešČSR (1. republika); exilová vláda
97%
2003-2013Václav KlausČeská republika
94%
1948-1953Klement GottwaldČSR
93%
2019-2024Zuzana ČaputováSlovenská republika
90%
1975-1989Gustáv Husák
86%
1968-1975Ludvík SvobodaČSSR
81%
1938-1945Emil HáchaČSR (2. republika)
78%
2024-2029Peter PellegriniSlovenská republika
78%
1953-1957Antonín ZápotockýČSR
75%
1957-1968Antonín NovotnýČSR, později ČSSR
72%
1939-1945Jozef TisoSlovenská republika
60%
2014-2019Andrej KiskaSlovenská republika
49%
2004-2014Ivan GašparovičSlovenská republika
33%
1999-2004Rudolf SchusterSlovenská republika
32%
1993-1998Michal KováčSlovenská republika
31%

Score Distribution

Percentile by Number Answered

Percent of People with Each Score

Your Score History

You have not taken this quiz since the last reset